| 000 | 01518nam2a22002891 4500 | ||
|---|---|---|---|
| 001 | RU\NLR\INFOCOMM29\5000083222 | ||
| 005 | 20250810041644.0 | ||
| 035 | _a(NLR Aleph) 002417798 | ||
| 090 |
_a1875672 _c1875672 |
||
| 100 | _a20050125d1941 u y0rusy50 ca | ||
| 101 | 0 | _arus | |
| 102 | _aRU | ||
| 105 | _ay ||||000|y | ||
| 200 | 1 |
_aКоррозия втулок дизелей типа 38-В-8 _fЛ.С. Хейфец, Н.Ф. Богун |
|
| 210 | _d1941 | ||
| 461 | 0 |
_1001RU\NLR\INFOCOMM29\5000083186 _12001#$aТруды Центрального научно-исследовательского института имени академика А.Н. Крылова$fГос. науч. центр Рос. Федерации ЦНИИ им. акад. А.Н. Крылова$vВып.3 _93035112 _aЦНИИ им. А. Н. Крылова (Санкт-Петербург) _cСПб. _d1941 - 2012 _fГос. науч. центр Рос. Федерации ЦНИИ им. акад. А.Н. Крылова _tТруды Центрального научно-исследовательского института имени академика А.Н. Крылова _x0869-8422 _vВып.3 |
|
| 700 | 1 |
_aХейфец _bЛ.С. _4070 |
|
| 701 | 1 |
_aБогун _bН.Ф. _4070 |
|
| 801 | 1 |
_aRU _bInfoComm _c20050125 |
|
| 801 | 0 |
_aRU _bNLR _gPSBO |
|
| 852 |
_aNLR _bТ90 _jГ-6/15 |
||
| 942 | _cISSUE | ||
| 945 | _aРоссийская национальная библиотека | ||
| 980 | _aNB | ||
| 980 | _aBV | ||
| 980 | _aRUSPER | ||